01515nam a2200397 a 4500001001200000003000800012006001900020007001500039008004100054010001700095020002300112020001500135020001800150020001800168040002100186035002100207050002300228082001600251100005100267245006300318250003700381260009300418300003200511490003200543500006900575504005100644533015200695650001100847650001100858655002900869700002400898710001700922830003300939856012600972999001901098ebr10297531CaPaEBRm u cr cn|||||||||861007r19871955enkab sb 001 0 eng d z 84017152  z0470206187 (Wiley) z063206398X z9780632063987 z9780470698426 aCaPaEBRcCaPaEBR a(OCoLC)60862414914aSB267b.W66 1987eb04a633.7/42191 aWood, G. A. R.q(George Alan Roskruge),d1920-10aCocoah[electronic resource] /cG.A.R. Wood and R.A. Lass. a4th ed., Repr. with corrections. aLondon ;aNew York :bLongman Scientific & Technical ;aNew York :bWiley,c1987, c1985. axvii, 620 p. :bill., maps.1 aTropical agriculture series aReprint. Originally published: London : Cadbury Schweppes, 1955. aIncludes bibliographical references and index. aElectronic reproduction.bPalo Alto, Calif. :cebrary,d2013.nAvailable via World Wide Web.nAccess may be limited to ebrary affiliated libraries. 0aCacao. 0aCocoa. 7aElectronic books.2local1 aLass, R. A.,d1943-2 aebrary, Inc. 0aTropical agriculture series.40uhttp://site.ebrary.com/lib/rucke/Doc?id=10297531zAn electronic book accessible through the World Wide Web; click to view c167022d167022